NBA Top 3 Leading Scorers For Each Franchise - Statistics

General Stats
  • This quiz has been taken 159 times
  • The average score is 56 of 90
Answer Stats
Hint Answer % Correct
CLE LeBron James
99%
LAL Kobe Bryant
96%
CHI Michael Jordan
96%
LAC DeAndre Jordan
95%
GSW Stephen Curry
95%
CHA Dell Curry
93%
MIA Dwyane Wade
93%
LAL Jerry West
93%
PHI Julius Erving
93%
OKC Kevin Durant
93%
DAL Dirk Nowitzki
92%
CHI Scottie Pippen
92%
NOP David West
91%
BOS Larry Bird
91%
HOU James Harden
90%
MIL Kareem Abdul-Jabbar
90%
MIN Kevin Garnett
88%
OKC Russell Westbrook
88%
DEN Carmelo Anthony
87%
ATL Dominique Wilkins
87%
HOU Hakeem Olajuwon
87%
MIL Giannis Antetokounmpo
86%
UTA Karl Malone
85%
SAS Tim Duncan
85%
NOP Chris Paul
84%
DET Isiah Thomas
84%
WAS Jeff Malone
84%
IND Reggie Miller
84%
BOS Paul Pierce
83%
GSW Wilt Chamberlain
83%
NYK Patrick Ewing
82%
NOP Anthony Davis
80%
SAS Davis Robinson
79%
MEM Marc Gasol
79%
SAS Tony Parker
79%
BOS John Havlicek
78%
POR Damian Lillard
77%
PHI Allen Iverson
76%
UTA John Stockton
76%
SAC Oscar Robertson
76%
ORL Dwight Howard
75%
CHA Kemba Walker
75%
TOR Chris Bosh
74%
POR Clyde Drexler
74%
TOR DeMar Derozan
74%
IND Jermaine O'Neal
74%
BKN Brook Lopez
70%
MIA Alonzo Mourning
68%
LAC Blake Griffin
68%
DEN Alex English
65%
TOR Kyle Lowry
62%
WAS Bradley Beal
60%
MEM Mike Conley
60%
LAL Elgin Baylor
59%
DET Joe Dumars
59%
UTA Darrell Smith
57%
MIN Karl Anthony Towns
57%
LAC Randy Smith
57%
OKC Gary Payton
53%
WAS Elvin Hayes
51%
GSW Rick Barry
51%
BKN Buck Williams
50%
ATL Bob Pettit
49%
MEM Zach Randolph
48%
NYK Walt Frazier
47%
PHX Amar'e Stoudemire
46%
CHA Gerald Wallace
43%
POR Lamarcus Aldridge
41%
MIA Glen Rice
37%
PHX Shawn Marion
35%
MIN Andrew Wiggins
32%
CLE Zydrunas Ilgauskas
31%
PHI Dolph Schayes
26%
IND Rik Smits
26%
ORL Nikola Vucevic
25%
DET Dave Bing
24%
CLE Brad Daugherty
23%
ORL Nick Anderson
21%
DEN Dan Issel
20%
ATL Lou Hudson
19%
DAL Derek Harper
18%
DAL Rolando Blackman
18%
PHX Alvan Adams
17%
HOU Calvin Murphy
15%
MIL Bob Dandridge
13%
CHI Jerry Sloan
10%
NYK Charles Oakley
9%
BKN John Williamson
8%
SAC Jack Twyman
7%
SAC Sam Lacey
2%
No matching quizzes found
Score Distribution
Percent of People with Each Score
Percentile by Number Answered
Your Score History
You have not taken this quiz